000 00322nam a22001217a 4500
008 150625b xxu||||| |||| 00| 0 eng d
020 _a9781405787253
082 _a346.0504 CIV
245 _aThe civil court practice 2014
260 _aUK :
_bLexisNexis,
_c2014.
300 _alxi, 924p. :
_bill. ;
_c25cm.
942 _2ddc
_cBK
999 _c6816
_d6816